| 000 | 00705nam a22002057a 4500 | ||
|---|---|---|---|
| 005 | 20140728113607.0 | ||
| 010 | _aENG-110008 | ||
| 020 |
_c995.00 _a9788183762694 |
||
| 035 | _aEN-93541 | ||
| 037 | _bDBAD/PUB | ||
| 082 | _a361.32 | ||
| 100 | _aKrishna Kant Singh | ||
| 245 | 0 | 0 |
_aAn introduction to social work / _cby Krishna Kant Singh [and] Ram Shankar Singh |
| 260 |
_aJaipur _bABD Publishers _c2011 |
||
| 270 |
_aBony Residency Gate NO-2 opp Tilak Public School,Vishveshria Nagar,Gopalpura Road _bJaipur _e302018 |
||
| 300 |
_avi,296p. _c22cm(Hb) |
||
| 500 | _aIncludes bibliographical references and index | ||
| 700 | _aRam Shankar Singh | ||
| 942 |
_2ddc _cEN _mKRI _h361.32 |
||
| 999 |
_c84262 _d84262 |
||